Responses for Show #7031 - Monday, March 23, 2015

Contestants

[<< previous game]

Jill Locascio, an academic librarian from Brooklyn, New York

Nate Burgan, a research manager from Oak Park, Michigan

Alex Navissi, a business development associate originally from Katy, Texas (whose 1-day cash winnings total $13,500)

[next game >>]

Jeopardy! Round responses

BROADWAY HIT ALIASES
CAN I HAVE A WORD?
TAKE ME TO YOUR LITER
YOU CAN'T SPELL GEOGRAPHY WITHOUT "M"
DEATH OF A VEEP
WEARING BLACK
    $200 6
Oklahoma!

Nate
    $200 19
talk

Nate
    $200 30
plastic

Alex
    $200 1
Monaco

Jill
    $200 7
Aaron Burr

Jill
    $200 10
Ralph Lauren

Alex
    $400 15
How to Succeed in Business Without Really Trying

Alex
    $400 20
(Nate: What is howl?)

moo

NateJill
    $400 29
bourbon

Nate
    $400 2
Malibu

Alex
    $400 8
Rockefeller

Jill
    $400 11
Black Widow

Alex
    $600 16
Hair

Nate
    $600 23
wood

Nate
    $600 28
brews

Jill
    $600 3
Madagascar

Alex
    $600 9
Hubert Humphrey

Triple Stumper
    $600 12
goths

Jill
    $800 17
Funny Girl

Nate
    $800 24
a carousel

Nate
    $800 27
Pepsi

Jill
    $800 4
Milan

Jill
    $800 21
(Jill: Who is Gerrymander?)
...
(Alex Trebek: [*] [pronounced like "Gary"] is the correct pronunciation of his name, even though we say "gerrymandering". Back to you, Alex [Navissi].)

(Elbridge) Gerry

AlexJill
    $800 13
Man in Black

Jill
    $1000 18
Barefoot in the Park

Jill
    $1,400 25
(Nate: What is a roundabout?)

a promenade

Nate
    $1000 26
(Nate: What is Vitaminwater?)
(Jill: What is Genius Water?)
...
(Alex Trebek: "What is [*]?" Yeah, I'm gonna spend 11 bucks.)

Smartwater

NateJill
Triple Stumper
    $1000 5
Macedonia

Alex
    $1000 22
Calhoun

Jill
    $1000 14
Woolite

Triple Stumper

Scores at the first commercial break (after clue 15):

Alex Nate Jill
$3,000 $200 $3,000

Scores at the end of the Jeopardy! Round:

Alex Nate Jill
$4,000 $800 $5,000

Double Jeopardy! Round responses

FRENCH COMPOSERS
PLAYING GOD
OROGENIES
IT'S MY WAY & THE HIGHWAY
GET THE "URGE"
AUTHORS BEFORE & AFTER
    $400 6
Louis XIV

Alex
    $400 8
Homer Simpson

Jill
    $400 12
genesis

Alex
    $400 23
Columbus

Nate
    $400 18
a surge

Nate
    $400 1
Michael Douglas Adams

Nate
    $800 7
Carmen

Nate
    $800 15
Monty Python and the Holy Grail

Alex
    $800 13
strata

Nate
    $800 24
Kamehameha

Alex
    $800 22
(Alex Trebek: With less than a minute to go now.)

sturgeon

Jill
    $800 2
William Goldman Sachs

Triple Stumper
    $1200 9
Debussy

Jill
    $1200 28
[The end-of-round signal sounds.]

Morgan Freeman

Nate
    $1200 14
(Alex Navissi: What is the Cretaceous?)

the Jurassic period

Alex
Triple Stumper
    $1200 25
(Thomas) Dewey

Jill
    $1200 21
splurge

Alex
    $1200 3
John Milton Friedman

Jill
    $1600 10
Ravel

Alex
    $1600 16
Charlton Heston

Jill
    $1600 26
Lewis & Clark

Alex
    $4,000 20
(Alex Navissi: What is... neur... neurgeny?)

neurosurgery

Alex
    $1600 4
My Sweet Lord Byron

Nate
    $2000 11
the César

Triple Stumper
    $2000 17
(Nate: What is Brazil?)

Time Bandits

Nate
Triple Stumper
    $2000 27
[The end-of-round signal sounds.]

(Jane) Addams

Alex
    $2000 19
a dramaturge

Alex
    $2000 5
Ezra Pound Cake

Jill

Scores at the end of the Double Jeopardy! Round:

Alex Nate Jill
$9,600 $4,400 $13,400

[wagering suggestions for these scores]

Final Jeopardy! Round responses

U.S. CITIES
(Alex Trebek: [To Nate] Kipling was referring to the cable cars, of course.)
NateWhat is San Francisco?
$4,200
AlexWhat is San Francisco?
$3,801
JillWhat is Detroit
$5,801
San Francisco

Final scores:

Alex Nate Jill
$13,401 $8,600 $7,599
2-day champion: $26,901 2nd place: $2,000 3rd place: $1,000

Game dynamics:

Coryat scores:

Alex Nate Jill
$13,600 $5,800 $13,400
17 R,
2 W
(including 1 DD)
14 R,
4 W
(including 1 DD)
18 R,
2 W

Combined Coryat: $32,800

[game clues] [game scores] [suggest correction]

Game tape date: 2015-01-13
The J! Archive is created by fans, for fans. Scraping, republication, monetization, and malicious use prohibited; this site may use cookies and collect identifying information. See terms. The Jeopardy! game show and all elements thereof, including but not limited to copyright and trademark thereto, are the property of Jeopardy Productions, Inc. and are protected under law. This website is not affiliated with, sponsored by, or operated by Jeopardy Productions, Inc. Join the discussion at JBoard.tv.